| 000 | 01162nam a22002417a 4500 | ||
|---|---|---|---|
| 008 | 110810s2002 ua||||| |||| 00| 0 ara d | ||
| 082 |
_222 _a291.13 _bك ا م |
||
| 100 | 1 |
_926636 _aكامبل ، جوزيف |
|
| 245 |
_aسلطان الأسطورة / _cجوزيف كامبل ، بيل مويرز ؛ تحرير بتى سوفلاورز ؛ ترجمة بدر الديب |
||
| 260 |
_aالقاهرة : _bالمجلس الأعلى للثقافة ، _c2002. |
||
| 300 |
_a352 ص ؛ _c24 سم. |
||
| 490 | 0 |
_921233 _aالمشروع القومى للترجمة _n362 |
|
| 504 | _aيشتمل على إرجاعات ببليوجرافية | ||
| 650 |
_926640 _aالاساطير |
||
| 650 |
_926641 _aالاساطير الدينية |
||
| 650 |
_926642 _aالمؤرخون الامريكيون _xمقابلات |
||
| 653 |
_bGeneral _cAugust2011 |
||
| 700 |
_926637 _aمويرز ، بيل |
||
| 700 |
_926638 _aسوفلاورز ، بتى _eتحرير |
||
| 700 |
_926639 _aالديب ، بدر _eترجمة |
||
| 942 |
_2ddc _cBB |
||
| 999 |
_c15805 _d15805 |
||